Horror Movie/Franchise by picture - Statistics

General Stats
  • This quiz has been taken 215 times
  • The average score is 11 of 12
Answer Stats
Picture Answer % Correct
It
99%
Scream
99%
Child's Play
97%
Halloween
96%
The Shining
95%
Texas Chainsaw Massacre
92%
Nightmare on Elm Street
91%
Friday the 13th
90%
Hellraiser
87%
Candyman
80%
Saw
80%
Psycho
79%
No matching quizzes found
Score Distribution
Percent of People with Each Score
Percentile by Number Answered
Your Score History
You have not taken this quiz